00751nam a2200205 a 450000100100000000500170001000800410002704000250006804100390009308200130013210000190014524000560016424501270022026000370034730000280038453400650041250000220047770000180049970000280051700002540620200930023751.0110215s1979 mx a r 001 0 spa d aDO-SdBNPbspacBNPHU17aspaheng2Código de idiomas MARC ann*bnn*1 aBarrett, M. A.10aMilk and beef production in the tropics.lEspañol10aProducción lechera y de carne de res en los tropicos /cM. A. Barrett y P. J. Larkin ; traducción de Agustín Contin. aMéxico, D. F. :bDiana,c1979. a301 p. :bil. ;c21 cm. aTítulo original :tMilk and beef production in the tropics aIncluye índice.1 aLarkin, P. J.1 aContin, Agustín,etr.